000 00706nam a2200241 i 4500
001 13860
003 ES-MaACL
005 20230906150658.0
007 t|
008 980714s1985 fr ||||1| fre d
020 _a2-86563-119-2
080 _a316.74:001
080 _a001:316.74
100 1 _aMaffesoli, Michel.
_975426
245 1 3 _aLa connaissance ordinaire
_b: précis de sociologie compréhensive /
_cMichel Maffesoli.
260 _aParis :
_bLibrairie des Méridiens,
_c1985.
300 _a260 p. ;
_c21 cm.
490 1 _aSociétés
650 4 _aSociología del conocimiento.
_917211
830 0 _aSociétés
_9179547
852 _aES-MaACL
_jL-21237
_bR.113504
999 _c13860
_d13860